书目信息 |
| 题名: |
模拟电子技术
|
|
| 作者: | 彭利标 , 郝芸 , 蔡伟超 编著 | |
| 分册: | ||
| 出版信息: | 北京 机械工业出版社 2016.08 |
|
| 页数: | 329页 | |
| 开本: | 20cm | |
| 丛书名: | ||
| 单 册: | ||
| 中图分类: | TN710 | |
| 科图分类: | ||
| 主题词: | 电子电路 | |
| 电子资源: | ||
| ISBN: | 978-7-111-53969-8 | |
| 000 | 00667nam0 2200217 45 | |
| 001 | 2029976720 | |
| 005 | 20200519082043.61 | |
| 010 | @a978-7-111-53969-8@dRMB 49.00 | |
| 100 | @a20200519d2016 km y0chiy0120 ea | |
| 101 | 0 | @achi |
| 102 | @aCN@b110000 | |
| 200 | 1 | @a模拟电子技术@Amo ni dian zi ji shu@f彭利标, 郝芸, 蔡伟超等编著@Fpeng li biao,hao yun,cai wei chao deng bian zhu |
| 210 | @a北京@c机械工业出版社@d2016.08 | |
| 215 | @a329页@d20cm | |
| 606 | 0 | @a电子电路 |
| 690 | @aTN710@v4 | |
| 701 | 0 | @a彭利标@Apeng li biao@4编著 |
| 701 | 0 | @a郝芸@Ahao yun@4编著 |
| 701 | 0 | @a蔡伟超@Acai wei chao@4编著 |
| 801 | 0 | @aCN@bPFT@c20200519 |
| 905 | @a10447@dTN710@eP510 | |
| 模拟电子技术/彭利标, 郝芸, 蔡伟超等编著.-北京:机械工业出版社,2016.08 |
| 329页;20cm |
| ISBN 978-7-111-53969-8:RMB 49.00 |
| ● |
| 相关链接 |
|
|
|
正题名:模拟电子技术
索取号:TN710/P510
 
预约/预借
| 序号 | 登录号 | 条形码 | 馆藏地/架位号 | 状态 | 备注 |
| 1 | 1452820 | 214528206 | 自科库301/301自科库 30排2列4层/ [索取号:TN710/P510] | 在馆 |